[Event "Stuttgart-chB int"]
[Site "Ditzingen"]
[Date "2008.05.01"]
[Round "2"]
[White "Haubensak, Harald"]
[Black "Baumeister, Juergen"]
[Result "1-0"]
[WhiteElo "1675"]
[BlackElo "1834"]
[PlyCount "120"]
[EventDate "2008.05.01"]
[EventType "swiss"]
[EventRounds "7"]
[EventCountry "GER"]
[SourceTitle "EXT 2018"]
[Source "ChessBase"]
[SourceDate "2017.10.13"]
[SourceVersion "1"]
[SourceVersionDate "2017.10.13"]
[SourceQuality "1"]

1. Nf3 c5 2. b3 d5 3. e3 Nf6 4. Bb2 Nc6 5. Bb5 Bd7 6. Bxc6 Bxc6 7. 0-0 e6 8. Ne5 Bd6 9. f4 h5 10. Nxc6 bxc6 11. c4 Ng4 12. Qf3 Kd7 13. Nc3 Qe7 14. h3 Qh4 15. Na4 Rag8 16. Ba3 f5 17. cxd5 cxd5 18. Bxc5 g5 19. Bxd6 Kxd6 20. Rac1 Nf6 21. fxg5 Qxg5 22. Nc3 a6 23. d3 Qh4 24. Qf4+ Qxf4 25. Rxf4 Rg3 26. Rf3 Rxf3 27. gxf3 Rg8+ 28. Kf2 h4 29. Rg1 Rc8 30. Rc1 Rg8 31. Ne2 e5 32. d4 Nd7 33. dxe5+ Nxe5 34. Nf4 Rg3 35. Rd1 Rxf3+ 36. Ke2 Rxf4 37. exf4 Ng6 38. Ke3 Kc5 39. a3 Nf8 40. Rc1+ Kd6 41. b4 Ne6 42. Rg1 d4+ 43. Kf3 Kd5 44. Rg6 d3 45. Ke3 d2 46. Rg1 Nd4 47. Rb1 Nc2+ 48. Kxd2 Nxa3 49. Ra1 Nc4+ 50. Kc3 Ne3 51. Rxa6 Nd1+ 52. Kd2 Nf2 53. Ra5+ Kc4 54. Rxf5 Kxb4 55. Ke3 Nd1+ 56. Kf3 Kc4 57. Rh5 Kd4 58. Rxh4 Nc3 59. Rh8 Kd5 60. Re8 Kd6 1-0

[Event "Stuttgart-chB int"]
[Site "Ditzingen"]
[Date "2008.05.01"]
[Round "3"]
[White "Kang, Moon Gu"]
[Black "Haubensak, Harald"]
[Result "1-0"]
[WhiteElo "1797"]
[BlackElo "1675"]
[PlyCount "85"]
[EventDate "2008.05.01"]
[EventType "swiss"]
[EventRounds "7"]
[EventCountry "GER"]
[SourceTitle "EXT 2018"]
[Source "ChessBase"]
[SourceDate "2017.10.13"]
[SourceVersion "1"]
[SourceVersionDate "2017.10.13"]
[SourceQuality "1"]

1. e4 c5 2. Nf3 Nc6 3. d3 e5 4. g3 Be7 5. Bg2 d6 6. 0-0 f5 7. c3 fxe4 8. dxe4 Nf6 9. Nbd2 Bd7 10. Qc2 Qc7 11. Nc4 0-0-0 12. Ne3 h5 13. h4 Rhg8 14. Ng5 Rde8 15. a3 Nd8 16. b4 Bb5 17. Rd1 b6 18. a4 Ba6 19. b5 Bb7 20. a5 bxa5 21. Nc4 Nd7 22. Nxa5 Kb8 23. Be3 Bxg5 24. hxg5 g6 25. Qa2 Nb6 26. Nc4 Nxc4 27. Qxc4 Nf7 28. Rd2 Rgf8 29. Rda2 Qb6 30. Rxa7 Nd8 31. Bh3 Re7 32. R7a3 Rff7 33. Qd3 Rf3 34. Bg2 Rff7 35. Rb1 Kc7 36. Rba1 Kd7 37. Rd1 Rh7 38. Bh3+ Ne6 39. Qc4 h4 40. Bxc5 Qc7 41. Rxd6+ Ke8 42. Rxe6 hxg3 43. Rxe7+ 1-0